| 000 | 00532nam a2200181Ia 4500 | ||
|---|---|---|---|
| 008 | 100920s9999 xx 000 0 und d | ||
| 082 |
_b55992 _a891.464 थ 90 |
||
| 100 | _aपानतावणे गंगाधर. | ||
| 245 | _aचैत्य. | ||
| 260 |
_bप्रतिमा प्रकाशन, पुणे 30. _c1990 |
||
| 300 |
_a134 _bसाधी |
||
| 365 | _b45 | ||
| 520 | _aनिबंध. | ||
| 630 | _aचैत्य. | ||
| 650 | _aनिबंध. | ||
| 730 | _aचैत्य. | ||
| 942 | _cBOOK | ||
| 999 |
_c700259 _d700256 |
||